00705nam a22001697a 450000500170000000800410001702000180005802700150007624501340009126000510022530000250027650000250030150501450032670000240047170000190049570000210051420240725140411.0240725b ||||| |||| 00| 0 eng d a9781111771812 qHV6774.C66 aContemporary issues in criminological theory and research : the role of social institutions /cedited by Richard Rosenfeld et al. aBelmont :bWadsworth/ Cengage Learning,c2012. aix, 379 p. :c21 cm. aIncludes references. aContents : Institutional analysis in criminology : an overview of the current volume : Family -- Education -- Religion -- Economy -- Polity. aRosenfeld, Richard. aQuinet, Kenna. aGarcia, Crystal.